| 000 | 00912nam a2200253 a 4500 | ||
|---|---|---|---|
| 005 | 20180803165051.0 | ||
| 008 | 140310t1998 ck fr|||| 000 0 spa d | ||
| 020 | _a9253041641 | ||
| 040 |
_aCO-BoIAVH _cCO-BoIAVH |
||
| 041 | 0 | _aspa | |
| 044 | _ack | ||
| 082 | 0 | 4 |
_a333.95416 _bO68p |
| 110 | 2 | _bOrganización de las Naciones Unidas para la Agricultura y la Alimentación, FAO | |
| 245 | 1 | 0 |
_aPrimer documento de líneas directrices : _bpara la elaboración de planes nacionales de gestión de los recursos genéticos de animales de granja |
| 260 |
_aRoma : _bFAO, _c1998. |
||
| 300 |
_a145 páginas ; _c30 x 21 cm. |
||
| 650 | 1 | 6 | _aRecursos genéticos |
| 650 | 2 | 6 | _aBiotecnología |
| 650 | 2 | 6 | _aAnimales domésticos |
| 650 | 2 | 6 | _aSistemas de producción sostenibles |
| 650 | 2 | 6 | _aAgrobiodiversidad |
| 650 | 2 | 6 | _aGestión ambiental |
| 942 |
_cLIBRO _2ddc |
||
| 999 |
_c3100 _d3100 |
||